000 01102pam a2200373 a 4500
001 4326
003 FISKH
005 20241106150957.0
008 960409s1997 nyua a 000 1 eng
010 _a 96018368
020 _a0060274123
020 _a0060274131 (lib. bdg.)
020 _a9780064442435
040 _aDLC
_cDLC
_dDLC
_beng
042 _alcac
050 _aPZ7.C179
082 _a813
100 1 _aCapucilli, Alyssa Satin,
_d1957-
245 1 0 _aBiscuit finds a friend /
_cstory by Alyssa Satin Capucilli ; pictures by Pat Schories.
260 _aNew York :
_bHarperCollins,
_c1997.
300 _a24 pages :
_bcolor illustrations ;
_c23 cm
490 1 _aMy first I can read book
505 _aE
520 _aA puppy helps a little duck find its way home to the pond.
521 8 _a210
_bLexile
521 8 _aE
_bRaz-Plus
650 1 _aDogs
_vFiction.
650 1 _aDucks
_vFiction.
700 1 _aSchories, Pat,
_eillustrator
830 0 _aI can read book.
906 _a7
_bcbc
_corignew
_d1
_eocip
_f19
_gy-gencatlg
942 _2ddc
_cBK
_n0
999 _c4326
_d4326